| 000 | 00374nam a2200157Ia 4500 | ||
|---|---|---|---|
| 008 | 230312s9999||||xx |||||||||||||| ||und|| | ||
| 020 | _a0-07-471515-1 | ||
| 082 |
_a330 _bFRA |
||
| 100 | _aFraser, Ian | ||
| 245 | 0 | _aEconomics for Business | |
| 260 |
_bMc Graw Hill _aLondon _c2005 |
||
| 300 | _a524 | ||
| 546 | _aEng. | ||
| 650 |
_aEconomics _vWealth creation |
||
| 942 | _cBK | ||
| 999 |
_c2502 _d2502 |
||